[Event "GER-chT U20 Girls"]
[Site "Willingen"]
[Date "2021.06.25"]
[Round "3.7"]
[White "Thiele, Lea Marie"]
[Black "Schmidt, Antonia"]
[Result "0-1"]
[WhiteElo "1263"]
[BlackElo "1458"]
[PlyCount "80"]
[EventDate "2021.06.23"]
[EventType "team-swiss"]
[EventRounds "7"]
[EventCountry "GER"]
[SourceTitle "CBM 203 Extra"]
[Source "ChessBase"]
[SourceDate "2021.09.30"]
[SourceVersion "1"]
[SourceVersionDate "2021.09.30"]
[SourceQuality "1"]
[WhiteTeam "Lehrte"]
[BlackTeam "Luebeck"]
[WhiteTeamCountry "GER"]
[BlackTeamCountry "GER"]

1. d4 Nf6 2. c4 g6 3. Nc3 Bg7 4. Bf4 d6 5. Nf3 0-0 6. Qd2 c5 7. d5 a5 8. a4 Bf5 9. h4 h5 10. Bh6 Ne4 11. Nxe4 Bxe4 12. Rh3 Re8 13. Rg3 Bh8 14. e3 Bxf3 15. gxf3 Kh7 16. Bf4 Qb6 17. 0-0-0 Na6 18. Bd3 Nb4 19. Bb1 Qc7 20. Rdg1 Rg8 21. Qe1 Qb6 22. Qd2 Bf6 23. Bg5 Rae8 24. Bxf6 exf6 25. Qc3 Qd8 26. f4 f5 27. Rg5 Kh6 28. Qe1 Qd7 29. R1g2 Qxa4 30. Qe2 Na2+ 31. Kd2 Qb3 32. Bxf5 Qxb2+ 33. Bc2 Qb4+ 34. Kd1 Nc3+ 35. Kd2 Nxe2+ 36. Kxe2 Qxc4+ 37. Bd3 Qa2+ 38. Kf1 c4 39. Be2 Qb1+ 40. Bd1 Qxd1# 0-1

[Event "GER-chT U20 Girls"]
[Site "Willingen"]
[Date "2021.06.24"]
[Round "2.7"]
[White "Schmidt, Antonia"]
[Black "Falke, Ornella"]
[Result "1-0"]
[WhiteElo "1458"]
[BlackElo "1566"]
[PlyCount "77"]
[EventDate "2021.06.23"]
[EventType "team-swiss"]
[EventRounds "7"]
[EventCountry "GER"]
[SourceTitle "CBM 203 Extra"]
[Source "ChessBase"]
[SourceDate "2021.09.30"]
[SourceVersion "1"]
[SourceVersionDate "2021.09.30"]
[SourceQuality "1"]
[WhiteTeam "Luebeck"]
[BlackTeam "Elmshorn"]
[WhiteTeamCountry "GER"]
[BlackTeamCountry "GER"]

1. c4 e5 2. Nc3 Nc6 3. g3 g6 4. Bg2 Bg7 5. d3 d6 6. Nf3 f5 7. e4 Nge7 8. 0-0 0-0 9. Be3 Nd4 10. Bxd4 exd4 11. Ne2 fxe4 12. Nfxd4 exd3 13. Qxd3 Nf5 14. Rad1 Rb8 15. b3 Qf6 16. Nb5 Qe7 17. Nf4 c6 18. Rfe1 Be5 19. Nc3 Qf7 20. Nfe2 Be6 21. f4 Bg7 22. Ne4 h6 23. Nxd6 Qc7 24. Nxf5 Bxf5 25. Be4 Qb6+ 26. Kg2 Rbd8 27. Qc2 Bxe4+ 28. Qxe4 Rde8 29. Qxg6 Re7 30. Ng1 Rf6 31. Qd3 Rxe1 32. Rxe1 Rf8 33. Nf3 Rd8 34. Qg6 Qa5 35. Re7 Qxa2+ 36. Kh3 Qa1 37. Ne5 Qf1+ 38. Kh4 Qd1 39. Qxg7# 1-0